| 000 | 01008nac a22003137a 4500 | ||
|---|---|---|---|
| 001 | BR2011001691 | ||
| 003 | BR-BrBNA | ||
| 005 | 20240105123858.0 | ||
| 008 | 230509b bl.|||m| |||| 00| 0 por d | ||
| 040 |
_aBR-BrBNA _bpor _cBiblioteca Nacional de Agricultura |
||
| 072 | _aP07; P06; Q02 | ||
| 090 | _a8905 BR2011001691 | ||
| 100 | 1 | _aSilva, J. de S. e | |
| 100 | 1 | _aPrecci, R.L. | |
| 100 | 1 | _amachado, M.C. | |
| 110 | 1 |
_aAssociação dos Engenheiros Agrícolas de Minas Gerais, Viçosa (Brasil) _9584 |
|
| 245 | 1 | _aFornalha a carvão para secagem de produtos agrícolas | |
| 260 | 3 |
_aViçosa, MG (Brasil): _c2000. |
|
| 300 | _a25 p. | ||
| 490 |
_aBoletim Técnico - Associação dos Engenheiros Agrícolas de Minas Gerais (Brazil) _vno. 2 _xISSN 1518-9953 |
||
| 500 | _a23 illus. | ||
| 650 | _aPRODUTO | ||
| 650 | _aAGRICULTURA | ||
| 650 | _aSECAGEM | ||
| 650 | _aCOMBUSTÍVEL | ||
| 650 | _aCARVÃO VEGETAL | ||
| 909 |
_a202312 _bLúcia Elande _c55 _dLúcia Elande |
||
| 942 |
_2AGRIS _n0 _cMS |
||
| 999 |
_c297379 _d297379 |
||